Número Pi en 1 minuto - Estadísticas

Estadísticas generales
  • Esta prueba ha sido intentada 100 veces
  • La puntuación promedio es 27 de 200
Estadísticas de respuestas
Posición Dígito % Correcto
1 3
100%
2 1
95%
4 1
95%
3 4
95%
5 5
91%
6 9
86%
7 2
77%
10 3
68%
9 5
68%
11 5
68%
8 6
68%
12 8
68%
14 7
64%
13 9
64%
15 9
59%
17 2
55%
16 3
55%
18 3
55%
20 4
50%
19 8
50%
22 2
45%
21 6
45%
24 4
41%
23 6
41%
29 2
36%
25 3
36%
26 3
36%
28 3
36%
27 8
36%
30 7
32%
31 9
32%
33 0
27%
38 1
27%
34 2
27%
37 4
27%
32 5
27%
35 8
27%
36 8
27%
41 1
23%
40 7
23%
39 9
23%
44 3
18%
47 3
18%
42 6
18%
43 9
18%
45 9
18%
46 9
18%
51 0
14%
55 0
14%
50 1
14%
54 2
14%
58 4
14%
60 4
14%
61 4
14%
49 5
14%
52 5
14%
48 7
14%
57 7
14%
53 8
14%
56 9
14%
59 9
14%
66 0
9%
72 0
9%
78 0
9%
69 1
9%
64 2
9%
74 2
9%
77 2
9%
65 3
9%
71 4
9%
62 5
9%
70 6
9%
73 6
9%
76 6
9%
83 6
9%
67 7
9%
68 8
9%
75 8
9%
79 8
9%
82 8
9%
63 9
9%
80 9
9%
81 9
9%
86 0
5%
98 0
5%
107 0
5%
95 1
5%
96 1
5%
104 1
5%
111 1
5%
84 2
5%
90 2
5%
94 2
5%
103 2
5%
113 2
5%
87 3
5%
92 3
5%
112 3
5%
88 4
5%
93 4
5%
105 4
5%
91 5
5%
110 5
5%
99 6
5%
109 6
5%
97 7
5%
100 7
5%
85 8
5%
89 8
5%
102 8
5%
106 8
5%
108 8
5%
101 9
5%
117 0
0%
122 0
0%
129 0
0%
133 0
0%
147 0
0%
160 0
0%
165 0
0%
168 0
0%
177 0
0%
196 0
0%
139 1
0%
149 1
0%
154 1
0%
155 1
0%
156 1
0%
164 1
0%
169 1
0%
175 1
0%
176 1
0%
199 1
0%
115 2
0%
136 2
0%
137 2
0%
141 2
0%
150 2
0%
161 2
0%
166 2
0%
174 2
0%
186 2
0%
187 2
0%
116 3
0%
124 3
0%
138 3
0%
143 3
0%
171 3
0%
195 3
0%
197 3
0%
120 4
0%
126 4
0%
127 4
0%
146 4
0%
152 4
0%
158 4
0%
163 4
0%
183 4
0%
184 4
0%
189 4
0%
193 4
0%
131 5
0%
132 5
0%
134 5
0%
142 5
0%
144 5
0%
159 5
0%
173 5
0%
178 5
0%
179 5
0%
180 5
0%
192 5
0%
118 6
0%
119 6
0%
128 6
0%
182 6
0%
185 6
0%
121 7
0%
140 7
0%
157 7
0%
167 7
0%
114 8
0%
125 8
0%
135 8
0%
148 8
0%
151 8
0%
153 8
0%
162 8
0%
172 8
0%
190 8
0%
198 8
0%
123 9
0%
130 9
0%
145 9
0%
170 9
0%
181 9
0%
188 9
0%
191 9
0%
194 9
0%
200 9
0%
No se encontraron pruebas coincidentes
Distribución de puntuación
Porcentaje de gente con cada puntuación
Porcentaje por número respondido
Historial de tus puntuaciones
No has intentado esta prueba.